Online Catalogue and eLibrary

Paniya Marukkum Panpadu (Record no. 4237)

MARC details
000 -LEADER
fixed length control field 00541nam a2200157Ia 4500
005 - DATE AND TIME OF LATEST TRANSACTION
control field 20250310070824.0
008 - FIXED-LENGTH DATA ELEMENTS--GENERAL INFORMATION
fixed length control field 240331s9999 xx 000 0 und d
020 ## - INTERNATIONAL STANDARD BOOK NUMBER
ISBN 8187477644
082 ## - DDC Classification
Item Number - Author Mark SAI
DDC Edition Number 4993
Class No. 954
100 ## - MAIN ENTRY--PERSONAL NAME
Personal name Said, E
245 #0 - TITLE STATEMENT
Title Paniya Marukkum Panpadu
260 ## - PUBLICATION, DISTRIBUTION, ETC.
Place of publication, distribution, etc. Nagercoil,
Name of publisher, distributor, etc. Kalachuvadu Pathippagam
Date of publication, distribution, etc. 2003
300 ## - PHYSICAL DESCRIPTION
Extent (e.g. Volumes, Pages etc.) 136 p.,
500 ## - GENERAL NOTE
General note The author's commitment to social justice, the rights of indigenous peoples, and his advocacy for the dignity of all human beings, regardless of caste or background.<br/>
942 ## - Koha item type (Biblio)
Koha item type Books in Stacks (Lending)
Holdings
Lost status Damaged status Collection code Home library Current library Shelving location Date acquired Full call number Accession Number Item type
    Lending WERC Library WERC Library Social Science Cupboard 03/31/2024 954 SAI 4993 Books in Stacks (Lending)

© WERC Library